| 000 | 00668cab a2200229 4500 | ||
|---|---|---|---|
| 001 | ABS58119 | ||
| 008 | 090401t1997 xxu||||| |||| 00| 0 eng d | ||
| 035 | _a(Sirsi) u82754 | ||
| 041 | _aeng | ||
| 100 | _aSimpkins, E. | ||
| 245 | _aRDAs fill regional void | ||
| 250 | _a0 | ||
| 260 | _c1997 | ||
| 350 | _a0 | ||
| 490 |
_aEstates Gazette _v(9750) 13 December 1997, 38-39(2) |
||
| 520 | _aCriticises Government`s planned regional development agencies for not going far enough in co-ordinated urban regeneration. | ||
| 650 | _aREGIONAL DEVELOPMENT AGENCIES | ||
| 650 | _aURBAN REGENERATION | ||
| 690 | _aURBAN RENEWAL | ||
| 942 | _n0 | ||
| 948 | _c17/12/1997 | ||
| 999 |
_c52265 _d52265 |
||